000 00638nam a2200181Ia 4500
008 090124s9999 xx 000 0 und d
082 _b31042
_a2025
100 _aकाळे व.पु. (वसंत पुरुषोत्तम)
245 _a वपुर्झा भाग - 2
250 _a1
260 _c2001
300 _a127
600 _aकाळे व.पु. (वसंत पुरुषोत्तम)
630 _a वपुर्झा भाग - 2
700 _aकाळे व.पु. (वसंत पुरुषोत्तम)
730 _a वपुर्झा भाग - 2
942 _cBOOK
999 _c144522
_d144522